Carregant...
The house at Satan's elbow /
| Autor principal: | |
|---|---|
| Format: | Printed Book |
| Idioma: | English |
| Publicat: |
London :
Pan books,
1965.
|
| Matèries: |
| LEADER | 00479nam a22001337a 4500 | ||
|---|---|---|---|
| 008 | 210907b |||||||| |||| 00| 0 eng d | ||
| 100 | |a Carr,John Dickson | ||
| 245 | |a The house at Satan's elbow / |c John Dickson Carr. | ||
| 260 | |a London : |b Pan books, |c 1965. | ||
| 300 | |a 221 p.; |c 18cm. | ||
| 650 | 7 | |2 fast |9 975687 |a English fiction | |
| 942 | |c BK | ||
| 999 | |c 360836 |d 360836 | ||
| 952 | |0 0 |1 0 |2 ddc |4 0 |7 0 |9 419426 |a UL |b UL |c PROC |d 2021-09-07 |e Donation -I.G.Bhaskara Panikker Family |p G13733 |r 2021-09-07 |y BK | ||